Hỏi đáp về thủ tục bắt giữ khám xét và kê biên tài sản
Saved in:
| Main Author: | |
|---|---|
| Format: | Book |
| Language: | Undetermined |
| Published: |
Hà Nội
Công an nhân dân
2003
|
| Subjects: | |
| Tags: |
Add Tag
No Tags, Be the first to tag this record!
|
| Institutions: | Trung tâm Học liệu Trường Đại học Cần Thơ |
|---|
| LEADER | 00583nam a2200193Ia 4500 | ||
|---|---|---|---|
| 001 | CTU_60503 | ||
| 008 | 210402s9999 xx 000 0 und d | ||
| 020 | |c 26500 | ||
| 082 | |a 345.59705 | ||
| 082 | |b B312 | ||
| 100 | |a Phạm, Thanh Bình | ||
| 245 | 0 | |a Hỏi đáp về thủ tục bắt giữ khám xét và kê biên tài sản | |
| 245 | 0 | |c Phạm Thanh Bình | |
| 260 | |a Hà Nội | ||
| 260 | |b Công an nhân dân | ||
| 260 | |c 2003 | ||
| 650 | |a Criminal procedure | ||
| 904 | |i Minh,Hải | ||
| 980 | |a Trung tâm Học liệu Trường Đại học Cần Thơ | ||